00529 a2200169 450000100060000002000150000604000220002110000370004324000360008024500310011630000070014736200090015465000590016394200070022295201130022999900170034261558 a8572630880 cAnchieta - Pituba aFerreira, Edson Alberto Carvalho10aVestibulares resolvidos 95lpor10aVestibulares resolvidos 95 a820 a1995 4a. Vestibulares / Exames de admissão em universidades cBK 00104070a91.1b91.1d2023-11-21l0o378.161 F383v FER VESp13650/PITr2023-11-21 18:29:43w2023-11-21yBK c61558d61558